| 000 | 01238nam a2200313 a 4500 | ||
|---|---|---|---|
| 001 | BRCA_3353 | ||
| 005 | 20190320204235.0 | ||
| 008 | 260309s1890----nyu#---###---#000-0#eng-# | ||
| 041 | _aeng | ||
| 044 | _anyu | ||
| 084 |
_a647 _b.B88 _c1890 |
||
| 100 | 1 |
_aCervantes Saavedra, Miguel de _d1547-1616 _9213 |
|
| 245 | 1 | 0 |
_aDon Quixote de la Mancha _cTranslated from the Spanish of Miguel de Cervantes Saavedra by Charles Jarvis. |
| 260 |
_aNueva York _bA. L. Burt Co. _c1890 |
||
| 300 |
_a1 v. en 2 partes (811 p.) _c19 cm. |
||
| 500 | _aContenido : Primera parte. Prólogo de Cervantes. Segunda parte. Prólogo de Cervantes | ||
| 500 | _aReproducción económica de la traducción de Jarvis Lúdovik Osterc | ||
| 500 | _aEstado físico : anotaciones manuscritas en la cubierta | ||
| 500 | _aQM486 | ||
| 546 | _aTexto en : inglés | ||
| 650 | 1 | 4 |
_aNovela española _yÉpoca clásica, 1500-1700 _9215 |
| 650 | 1 | 4 |
_aLiteratura española _yÉpoca clásica, 1500-1700 _9216 |
| 650 | 1 | 4 |
_aNovela española _ySiglo XVII _9217 |
| 650 | 1 | 4 |
_aDon Quijote (Personaje ficticio) _eNovela _9218 |
| 700 | 1 |
_aJarvis, Charles _d?-1739 _eTraductor _98843 |
|
| 740 | 0 | _aEl Ingenioso Hidalgo Don Quijote de la Mancha | |
| 902 | _aQFM | ||
| 942 |
_2lcc _cB |
||
| 999 |
_c3089 _d3089 |
||